000
00225nam a22000977a 4500
082
_a
621.3615 HAN'N
245
_a
HANDBOOK FOR RADIO OPERATORS
260
_a
LONDON
_b
HER MAJESTY OFFICE
_c
1961
300
_a
XI,214P
942
_c
BK
999
_c
584849
_d
584849